000 00544nam a22001457a 4500
008 140822b xxu||||| |||| 00| 0 eng d
020 _a0406090793
050 _aKD275.4.L398
245 _aThe Law Reports, Appeal Cases(1883-84 vol.9): Under the superintendence and control of the Incorporated Council of Law Reporting for England and Wales. /
_cedited by J.R. Bulwer
260 _aLondon:
_bButterworth & Co. Ltd,
_c1884.
300 _aix, 976p.
_c24cm.
440 _pAppeal cases 1883-1884
_vVol. 9
800 _aBulwer, J.R.
942 _2lcc
_cBK
999 _c3658
_d11158